[Event "Ruhrgebiet Verbandsklasse Gruppe 2 1415"]
[Site "Germany"]
[Date "2015.03.29"]
[Round "8.2"]
[White "Gross, Thomas"]
[Black "Frank, Hartmut"]
[Result "1/2-1/2"]
[WhiteElo "1934"]
[BlackElo "1788"]
[PlyCount "57"]
[EventDate "2014.09.21"]
[EventType "team-tourn"]
[EventRounds "9"]
[EventCountry "GER"]
[SourceTitle "EXT 2022"]
[Source "ChessBase"]
[SourceDate "2021.10.06"]
[SourceVersion "1"]
[SourceVersionDate "2021.10.06"]
[SourceQuality "1"]
[WhiteTeam "Oberhausen SV III"]
[BlackTeam "Muelheim Nord V"]
[WhiteTeamCountry "GER"]
[BlackTeamCountry "GER"]

1. d4 f5 2. g3 Nf6 3. Bg2 g6 4. Nh3 Bg7 5. Nf4 d6 6. h4 c6 7. c3 e5 8. dxe5 dxe5 9. Qxd8+ Kxd8 10. Nd3 Re8 11. Bg5 h6 12. Bxf6+ Bxf6 13. Nd2 Be6 14. Nc5 Kc7 15. Nxe6+ Rxe6 16. e4 f4 17. 0-0-0 Nd7 18. Nb3 b6 19. Rd2 Rd6 20. Rxd6 Kxd6 21. Rd1+ Kc7 22. Bh3 Rd8 23. Rxd7+ Rxd7 24. Bxd7 Kxd7 25. Kd2 fxg3 26. fxg3 Ke6 27. Ke2 Be7 28. Kf3 h5 29. Nd2 1/2-1/2